| 000 | 00368nam a2200157Ia 4500 | ||
|---|---|---|---|
| 008 | 170203s9999 xx 000 0 und d | ||
| 020 | _a9780545141994 | ||
| 050 | _aFic | ||
| 050 | _b.B144I 2007 | ||
| 100 | _aBaguley, Elizabeth | ||
| 245 | 2 | _aA Long Way from Home / | |
| 260 | _aU.S.A | ||
| 260 | _bScholastic Inc., | ||
| 260 | _c2007 | ||
| 300 | _bcol. ill. ; | ||
| 999 |
_c305987 _d305987 |
||